Actors by Movies #2 - Statistics

General Stats
  • This quiz has been taken 70 times
  • The average score is 12 of 15
Answer Stats
Movies Actor % Correct
Top Gun, Mission Impossible, Edge of Tomorrow Tom Cruise
98%
Philadelphia, Forrest Gump, Toy Story Tom Hanks
97%
Seven, Fight Club, Once Upon a Time in Hollywood Brad Pitt
95%
Shrek, The Nutty Professor, Dolemite Is My Nme Eddie Murphy
88%
The Mask, The Truman Show, Eternal Sunshine of the Spotless Mind Jim Carrey
88%
Edward Scissorhands, Dark Shadows, The Lone Ranger Johnny Depp
88%
San Andreas, Moana, Baywatch Dwayne Johnson
83%
The Notebook, La La Land, Blade Runner 2049 Ryan Gosling
83%
The Godfather, Serpico, Dog Day Afternoon Al Pacino
80%
Schindler's List, Batman Begins, Taken Liam Neeson
80%
Good Will Hunting, Argo, Gone Girl Ben Affleck
72%
Hotel Rwanda, Ocean's Twelve, Iron Man 2 Don Cheadle
55%
Jerry Maguire, What Dreams May Come, Selma Cuba Gooding Jr.
50%
No Country for Old Men, Skyfall, mother! Javier Bardem
47%
Kung Fu Panda, The Karate Kid, The Foreigner Jackie Chan
45%
No matching quizzes found
Score Distribution
Percent of People with Each Score
Percentile by Number Answered
Your Score History
You have not taken this quiz